Verde Menta - Rauw Alejandro - Estadísticas

Estadísticas generales
  • Esta prueba ha sido intentada 27 veces
    26 desde el último reinicio
  • La puntuación promedio es 253 de 343
Estadísticas de respuestas
Letra % Correcto
de
100%
en
100%
es
100%
está
100%
Me
100%
me
100%
pero
100%
Pero
100%
verde
100%
vuelta
100%
cámara
91%
el
91%
Ella
91%
estaba
91%
la
91%
las
91%
lenta
91%
lo
91%
los
91%
menta
91%
mi
91%
91%
olvidando
91%
Pa'
91%
panties
91%
para
91%
Para
91%
que
91%
Que
91%
se
91%
Solo
91%
sus
91%
Sus
91%
tormenta
91%
un
91%
vídeo
91%
Yo
91%
yo
91%
débil
82%
envió
82%
fácil
82%
Soy
82%
soy
82%
tienta
82%
Aunque
73%
no
73%
No
73%
Si
73%
73%
73%
eres
64%
Netflix
64%
peli
64%
64%
64%
agria
55%
alta
55%
Automática
55%
como
55%
¿Cómo
55%
dulce
55%
muy
55%
nunca
55%
plane'
55%
ponemo'
55%
puedo
55%
ready
55%
tienes
55%
combina
45%
cranberry
45%
deli
45%
encuentra
45%
estilo
45%
estoy
45%
Fuck
45%
manera
45%
mistery
45%
quiera
45%
semi
45%
Siempre
45%
sin
45%
son
45%
tenis
45%
una
45%
dice?
36%
escaparme
36%
hechicera
36%
hueler
36%
peri
36%
quitó
36%
ya
36%
10k
27%
bebecita
27%
Burberry
27%
Chica
27%
cooperan
27%
Esos
27%
Ey
27%
ey
27%
gastó
27%
hay
27%
noche
27%
ojitos
27%
peor
27%
quiere'
27%
soltera'?
27%
allá
18%
banda
18%
dale
18%
dejaló
18%
¿Dónde
18%
encuentro
18%
esas
18%
ese
18%
están
18%
estás
18%
hoy?
18%
mujeres
18%
pude
18%
quieren
18%
sea
18%
tipo
18%
tuyo
18%
venganza
18%
zumba
18%
Ayayayayayai
0%
No se encontraron pruebas coincidentes
Distribución de puntuación
Porcentaje de gente con cada puntuación
Porcentaje por número respondido
Historial de tus puntuaciones
No has intentado esta prueba desde el último reinicio